000 00794ctm a22002055a 4500
001 L141685
008 071213s1903 xxk eng u
035 _a(Sirsi) u141685
041 0 _aeng
245 0 0 _aApprenticeship indentures
260 _c26 March 1903
300 _a[4] p.
_c39 x 25 cm., folded to 25 x 10 cm.
340 _aManuscript
351 _cSingle item
500 _aDocument records the apprenticeship of Arthur Henry Davis of Ladbroke Grove to John Fairbourn Moon, Harry Fuller, Arthur Allen Brown and William Worsley Ashcroft, surveyors and auctioneers of Croydon. The indenture was registered in the books of the Surveyors' Institution on 12 October 1903.
600 1 4 _aDavis, Arthur Henry
651 4 _aLondon
690 _aABOUT RICS-RICS MEMBERS
942 _n0
999 _c116751
_d116751